[Event "Benidorm op-B"]
[White "Saber, Anas"]
[Black "Mallevaey, Guillaume"]
[Site "Benidorm"]
[Round "5"]
[Result "0-1"]
[Date "2022.12.07"]
[WhiteElo "1920"]
[BlackElo "1761"]
[PlyCount "72"]
[EventDate "2022.12.03"]
[EventType "swiss"]
[EventRounds "9"]
[EventCountry "ESP"]
[SourceTitle "CBM 212 Extra"]
[Source "ChessBase"]
[SourceDate "2023.03.31"]
[SourceVersion "1"]
[SourceVersionDate "2023.03.31"]
[SourceQuality "1"]

1. d4 d5 2. Nf3 Nf6 3. Bg5 Bf5 4. Nbd2 e6 5. e3 Be7 6. Be2 0-0 7. 0-0 Nbd7 8. Rc1 Ne4 9. Bf4 Ndf6 10. Nb3 Nh5 11. Be5 Nhf6 12. c4 c6 13. c5 Nd7 14. Ne1 f6 15. Bf4 e5 16. f3 Nexc5 17. dxc5 exf4 18. Nd4 g6 19. Nxf5 gxf5 20. Nd3 fxe3 21. Nf4 Nxc5 22. Qd4 Qb6 23. b4 Nd7 24. Qd3 Ne5 25. Qxf5 Rf7 26. Ne6 Re8 27. Kh1 Bxb4 28. f4 c5 29. Nd4 cxd4 30. fxe5 Rxe5 31. Qc8+ Bf8 32. Rb1 Qe6 33. Qc2 Bd6 34. Qd3 Re4 35. Rf3 Rh4 36. g3 Qh3 0-1

[Event "Benidorm op-B"]
[White "Saber, Anas"]
[Black "Vicente Soriano, Josep"]
[Site "Benidorm"]
[Round "3"]
[Result "1-0"]
[Date "2022.12.05"]
[WhiteElo "1920"]
[BlackElo "1713"]
[PlyCount "43"]
[EventDate "2022.12.03"]
[EventType "swiss"]
[EventRounds "9"]
[EventCountry "ESP"]
[SourceTitle "CBM 212 Extra"]
[Source "ChessBase"]
[SourceDate "2023.03.31"]
[SourceVersion "1"]
[SourceVersionDate "2023.03.31"]
[SourceQuality "1"]

1. e4 c5 2. Nc3 Nc6 3. Bb5 g6 4. Nf3 Bg7 5. 0-0 d6 6. Re1 Bd7 7. d3 a6 8. Bc4 Ne5 9. Nxe5 dxe5 10. Be3 Rc8 11. a4 e6 12. a5 Ne7 13. b4 0-0 14. Bxc5 Rxc5 15. bxc5 Nc6 16. Na4 Nxa5 17. Nb6 Nxc4 18. Nxc4 Qc7 19. Qb1 Bc6 20. Qb4 Rd8 21. Reb1 Bf8 22. Qb6 1-0

[Event "Groningen op-B 57th"]
[White "Saber, Anas"]
[Black "Waardenburg, Marlinde"]
[Site "Groningen"]
[Round "6"]
[Result "1-0"]
[Date "2019.12.27"]
[WhiteElo "2008"]
[BlackElo "1735"]
[PlyCount "43"]
[EventDate "2019.12.21"]
[EventType "swiss"]
[EventRounds "9"]
[EventCountry "NED"]
[SourceTitle "CBM 194 Extra"]
[Source "ChessBase"]
[SourceDate "2020.03.31"]
[SourceVersion "1"]
[SourceVersionDate "2020.03.31"]
[SourceQuality "1"]

1. e4 Nf6 2. Nc3 d5 3. exd5 Nxd5 4. Nge2 Nc6 5. Nxd5 Qxd5 6. Nc3 Qd6 7. Be2 e5 8. 0-0 Be6 9. Re1 0-0-0 10. b4 f5 11. a4 g6 12. a5 Bh6 13. b5 Nd4 14. Bf1 c6 15. Ba3 Qc7 16. b6 Qb8 17. Be7 Rd7 18. Bf6 Re8 19. Bxe5 Qa8 20. a6 axb6 21. axb7+ Qxb7 22. Ba6 1-0

[Event "Chefchaouen op 16th"]
[White "Onkoud, Abdelaziz"]
[Black "Saber, Anas"]
[Site "Chefchaouen"]
[Round "2"]
[Result "1-0"]
[Date "2017.07.25"]
[WhiteElo "2336"]
[BlackElo "2008"]
[PlyCount "71"]
[EventDate "2017.07.24"]
[EventType "swiss"]
[EventRounds "9"]
[EventCountry "MAR"]
[SourceTitle "EXT 2020"]
[Source "ChessBase"]
[SourceDate "2019.10.17"]
[SourceVersion "1"]
[SourceVersionDate "2019.10.17"]
[SourceQuality "1"]

1. Nf3 d5 2. c4 c6 3. b3 Bf5 4. Bb2 e6 5. g3 Nf6 6. Bg2 Nbd7 7. 0-0 Be7 8. d3 0-0 9. Nh4 Bg4 10. h3 Bh5 11. g4 Bg6 12. Nxg6 hxg6 13. Nd2 Qb6 14. a3 Rad8 15. Qc2 Qc7 16. d4 Kh7 17. e4 dxe4 18. Nxe4 Nxe4 19. Qxe4 Nf6 20. Qe3 Rh8 21. f4 c5 22. Qf3 Rd7 23. f5 exf5 24. gxf5 g5 25. d5 g4 26. hxg4 Kg8 27. Rfe1 Qh2+ 28. Kf1 Rh4 29. Be5 Nxg4 30. Qxg4 Qxe5 31. Qxh4 Qxa1 32. Qxe7 Rxe7 33. Rxa1 Re3 34. d6 Rd3 35. Bd5 Kf8 36. Re1 1-0